000
00269nam a22001337a 4500
008
180918b xxu||||| |||| 00| 0 eng d
041
_a
eng
080
_2
3rd
_a
61
082
_a
61
100
_a
6
101
_a
ANE
245
_a
Anasthesia
_c
Scurr,C
942
_2
udc
_c
BK
999
_c
47950
_d
47950